[Event "It (open) (w)"]
[Site "masterchessopen.com Moscow (Russia)"]
[Date "2008.02.03"]
[Round "2"]
[White "Kovanova Baira (RUS)"]
[Black "Repina Varvara (RUS)"]
[Result "1-0"]
[WhiteElo "2379"]
[BlackElo "2258"]

1.e4 c5 2.Nc3 Nc6 3.g3 g6 4.Bg2 Bg7 5.d3 d6 6.Be3 Nf6 7.h3 O-O 8.Nge2 Rb8 9.f4
Nd7 10.O-O b5 11.Qd2 b4 {#r} 1-0

[Event "It (open) (w)"]
[Site "masterchessopen.com Moscow (Russia)"]
[Date "2008.02.06"]
[Round "5"]
[White "Mouradian Knarik (LIB)"]
[Black "Kalashnikova Larisa (RUS)"]
[Result "1-0"]
[WhiteElo "2157"]
[BlackElo "2053"]

1.e4 c5 2.d3 d6 3.g3 g6 4.Bg2 Bg7 5.Nc3 Nc6 6.Be3 e5 7.Qd2 Nd4 8.Nce2 Nf6 9.h3
O-O 10.c3 Nc6 11.f4 Re8 12.Nf3 Qe7 13.O-O Bd7 14.c4 Rab8 15.f5 gxf5 16.Bg5 Qf8
17.Nh4 Ne7 18.Nxf5 Nxf5 19.exf5 {#r} 1-0

[Event "Ch Europe (seniors) (team)"]
[Site "masterchessopen.com Dresden (Germany)"]
[Date "2008.02.18"]
[Round "8"]
[White "Hoehm W"]
[Black "Liebert Heinz (GER)"]
[Result "0-1"]
[WhiteElo "1962"]
[BlackElo "2246"]

1.e4 c5 2.Nc3 Nc6 3.g3 g6 4.Bg2 Bg7 5.d3 d6 6.Be3 e5 7.Qd2 Nd4 8.Nge2 Ne7
9.O-O O-O 10.Nd5 Nxd5 11.Bxd4 exd4 12.exd5 Re8 13.Rae1 Bd7 14.f4 Re3 15.Kh1
Qb6 16.c4 Rae8 17.b3 Qb4 18.Qd1 Bg4 {#R} 0-1

[Event "Ch Europe (seniors) (team)"]
[Site "masterchessopen.com Dresden (Germany)"]
[Date "2008.02.19"]
[Round "9"]
[White "Welz Peter Dr (GER)"]
[Black "Standal Bard (NOR)"]
[Result "1-0"]
[WhiteElo "2205"]
[BlackElo "1911"]

1.e4 c5 2.Nc3 Nc6 3.g3 g6 4.Bg2 Bg7 5.d3 d6 6.Be3 Nf6 7.h3 Bd7 8.Nge2 Rb8
9.O-O b5 10.Qd2 O-O 11.f4 b4 12.Nd1 Qc7 13.g4 e5 14.f5 Nd4 15.Ng3 Bc6 16.c3
bxc3 17.bxc3 Nb5 18.a4 {#r} 1-0

[Event "Ch Poland (juniors) (under 12)"]
[Site "masterchessopen.com Ustron (Poland)"]
[Date "2008.03.11"]
[Round "5"]
[White "Tomaszewski Kacper (POL)"]
[Black "Ulanowski Karol (POL)"]
[Result "1-0"]
[WhiteElo "1718"]
[BlackElo "1762"]

1.e4 c5 2.Nc3 d6 3.g3 Nc6 4.Bg2 g6 5.d3 Bg7 6.Be3 b6 7.Qd2 Bb7 8.f4 Qd7 9.Nf3
f5 10.O-O-O Nf6 11.exf5 gxf5 12.Rhe1 O-O-O 13.Bg1 h6 14.d4 c4 15.d5 Nb4 16.Nh4
a5 17.a3 Na6 18.Bxb6 Rde8 19.Qe2 Kb8 20.Bd4 Qc7 21.Nxf5 {#r} 1-0

[Event "It (open) \"]
[Site "masterchessopen.com Budapest (Hungary)"]
[Date "2008.03.27"]
[Round "7"]
[White "Roth Josef (GER)"]
[Black "Vereb Gabor (HUN)"]
[Result "0-1"]
[WhiteElo "2121"]
[BlackElo "2207"]

1.e4 c5 2.Nc3 Nc6 3.g3 g6 4.Bg2 Bg7 5.d3 d6 6.Be3 e6 7.Qd2 Rb8 8.Nge2 Nd4
9.Bxd4 cxd4 10.Nb5 Qb6 11.Qb4 Ke7 12.a3 e5 13.f4 a6 14.fxe5 axb5 15.exd6+ Qxd6
16.Qxb5 Bd7 17.Qa5 Nh6 18.O-O Rhc8 19.Rae1 Kf8 20.Nf4 Be5 21.Nd5 b6 22.Qd2 Kg7
23.c3 Be6 {#R} 0-1

[Event "Ch Ukraine (club)"]
[Site "masterchessopen.com Alushta (Ukraine)"]
[Date "2008.05.24"]
[Round "4"]
[White "Ivanov Andrey A (UKR)"]
[Black "Andreev Eduard (UKR)"]
[Result "0-1"]
[WhiteElo "2299"]
[BlackElo "2440"]

1.e4 c5 2.Nc3 Nc6 3.g3 g6 4.Bg2 Bg7 5.d3 d6 6.Be3 Rb8 7.Qd2 b5 8.Nge2 b4 9.Nd1
Nd4 10.O-O Qb6 11.f4 Nf6 12.h3 O-O 13.Bf2 e5 14.Ne3 Bxh3 15.Nxd4 Bxg2 16.Nc4
Qc7 17.Nb5 Rxb5 18.Kxg2 d5 19.exd5 exf4 20.a3 Nxd5 21.axb4 cxb4 22.Rxa7 Qc6
23.Kh2 Ne3 {#R} 0-1

[Event "It (open)"]
[Site "masterchessopen.com Chotowa (Poland)"]
[Date "2008.05.26"]
[Round "2"]
[White "Szczepaniec Stanislaw (POL)"]
[Black "Winiarski Kazimierz (POL)"]
[Result "0-1"]
[WhiteElo "2119"]
[BlackElo "1971"]

1.e4 c5 2.Nc3 Nc6 3.g3 g6 4.Bg2 Bg7 5.d3 d6 6.Be3 Nf6 7.h3 e5 8.Qd2 Be6 9.Nge2
Nd4 10.Nd5 Nxe2 11.Qxe2 Bxd5 12.exd5 O-O 13.O-O Qc7 14.c3 Rae8 15.Rac1 Nd7
16.Qd2 f5 17.Kh2 f4 18.h4 fxe3 19.Qxe3 {#R} 0-1

[Event "It \"]
[Site "masterchessopen.com Oklahoma City (USA)"]
[Date "2008.05.26"]
[Round "8"]
[White "Stepp R"]
[Black "Juett J"]
[Result "0-1"]
[WhiteElo "1977"]
[BlackElo "2015"]

1.e4 c5 2.Nc3 Nc6 3.g3 g6 4.Bg2 Bg7 5.d3 d6 6.Be3 Nf6 7.h3 Rb8 8.f4 Bd7 9.Nf3
O-O 10.O-O b5 11.g4 b4 12.Ne2 c4 13.Ng3 cxd3 14.cxd3 Qa5 15.d4 Rfc8 16.d5 Nd8
17.g5 Ne8 18.Bd4 Bxd4+ 19.Nxd4 Rc5 20.Kh2 Qc7 21.Nb3 {#R} 0-1

[Event "It (open) \"]
[Site "masterchessopen.com Athens (Greece)"]
[Date "2008.06.04"]
[Round "2"]
[White "Marianidis Dimitrios (GRE)"]
[Black "Spyropoulos Georgios (GRE)"]
[Result "0-1"]
[WhiteElo "1861"]
[BlackElo "2193"]

1.e4 c5 2.Nc3 d6 3.g3 g6 4.Bg2 Bg7 5.d3 Nc6 6.Be3 Qa5 7.Qd2 Nd4 8.Nge2 Bg4
9.Nc1 h5 10.f3 Bxf3 11.O-O Bxg2 12.Kxg2 Nf6 13.Bg5 Ng4 14.Bxe7 Nxc2 15.Nb3
Nce3+ 16.Kg1 Qb6 {#R} 0-1

[Event "Memorial Karl Mala (open)"]
[Site "masterchessopen.com Frankfurt (Germany)"]
[Date "2008.06.29"]
[Round "6"]
[White "Ottway Christopher (GER)"]
[Black "Henrich David (GER)"]
[Result "1-0"]
[WhiteElo "1859"]
[BlackElo "1774"]

1.e4 c5 2.Nc3 d6 3.g3 Nc6 4.Bg2 g6 5.d3 Bg7 6.Be3 Rb8 7.f4 e5 8.Nge2 f5 9.O-O
Nge7 10.Qd2 O-O 11.fxe5 Nxe5 12.Bh6 Ng4 13.Bxg7 Kxg7 14.Nf4 Kg8 15.Rae1 {#r}
1-0

[Event "Tournament (open)"]
[Site "masterchessopen.com Omsk (Russia)"]
[Date "2008.07.06"]
[Round "4"]
[White "Petrenko Andrey (RUS)"]
[Black "Fateev Alexander (RUS)"]
[Result "1-0"]
[WhiteElo "1825"]
[BlackElo "1673"]

1.e4 c5 2.Nc3 Nc6 3.g3 d6 4.Bg2 g6 5.d3 Bg7 6.Be3 e6 7.Qd2 h5 8.Nge2 a6 9.O-O
Nge7 10.Rab1 d5 11.exd5 Nd4 12.dxe6 Bxe6 13.Bxb7 Ra7 14.Bg2 Nef5 15.Bf4 h4
16.a3 Nxe2+ 17.Nxe2 h3 18.Bh1 Bd5 19.Bxd5 Qxd5 20.f3 {#r} 1-0

[Event "It (open) \"]
[Site "masterchessopen.com Agios Kirykos (Greece)"]
[Date "2008.07.18"]
[Round "7"]
[White "Koukoufikis Alexandros (GRE)"]
[Black "Masouros Panagiotis (GRE)"]
[Result "1-0"]
[WhiteElo "2227"]
[BlackElo "1961"]

1.e4 c5 2.Nc3 Nc6 3.g3 g6 4.Bg2 Bg7 5.d3 d6 6.Be3 e6 7.Qd2 Nge7 8.h4 b5 9.Nf3
b4 10.Nd1 Rb8 11.Bh6 O-O 12.h5 f5 13.hxg6 hxg6 14.Bxg7 Kxg7 15.Qh6+ Kf7
16.exf5 gxf5 17.Qh5+ Kf6 18.Ng5 Rg8 19.Qf7+ Kxg5 20.f4+ Kg4 21.Qh5+ Kxg3
22.Qf3# 1-0

[Event "It (open) \"]
[Site "masterchessopen.com Helsingor (Denmark)"]
[Date "2008.07.22"]
[Round "5"]
[White "Snuhre Stig Allan (NOR)"]
[Black "Palvig David Kinch (DEN)"]
[Result "0-1"]
[WhiteElo "1603"]
[BlackElo "1851"]

1.e4 c5 2.Nc3 d6 3.g3 Nc6 4.Bg2 g6 5.d3 Bg7 6.Be3 Nf6 7.Nge2 O-O 8.h3 e5 9.Qd2
Nd4 10.O-O-O Be6 11.a3 b5 12.f4 b4 13.axb4 cxb4 14.Nb1 Nb3+ 15.cxb3 Rc8+
16.Nbc3 Bxb3 17.Rdf1 Qa5 18.Kb1 bxc3 19.Nxc3 Rc6 {#R} 0-1

[Event "It (open) (b)"]
[Site "masterchessopen.com Poznan (Poland)"]
[Date "2008.07.22"]
[Round "4"]
[White "Zakrzewski Marek (POL)"]
[Black "Zebrowska Anna (POL)"]
[Result "1-0"]
[WhiteElo "1918"]
[BlackElo "1588"]

1.e4 c5 2.Nc3 Nc6 3.g3 g6 4.Bg2 Bg7 5.d3 d6 6.Be3 Rb8 7.Qd2 b5 8.f4 b4 9.Nd1
Bd7 10.Ne2 Nd4 11.O-O Bg4 12.Nc1 Bxd1 13.Rxd1 e6 14.c3 bxc3 15.bxc3 Nb5 16.e5
Qc7 17.a4 Qa5 18.axb5 Qxa1 19.Nb3 Qxd1+ 20.Qxd1 Ne7 21.exd6 Nf5 22.Bxc5 O-O
23.Bc6 a6 24.d7 {#r} 1-0

[Event "It (open)"]
[Site "masterchessopen.com Gdansk (Poland)"]
[Date "2008.07.26"]
[Round "9"]
[White "Krawczyk Andrzej (POL)"]
[Black "Ulanowski Karol (POL)"]
[Result "1-0"]
[WhiteElo "2107"]
[BlackElo "1762"]

1.e4 c5 2.Nc3 d6 3.g3 g6 4.Bg2 Bg7 5.d3 Nc6 6.Be3 e6 7.Nge2 Nd4 8.O-O Ne7
9.Qd2 O-O 10.Rae1 Rb8 11.Nd1 b5 12.c3 Ndc6 13.Bh6 Ba6 14.Bxg7 Kxg7 15.Ne3 b4
16.f4 Bb5 17.f5 Ng8 18.Rf2 Ne5 19.Nf4 Nf6 20.fxe6 g5 21.e7 Qxe7 22.Nf5+ {#r}
1-0

[Event "Ch Spain (juniors) (under 18)"]
[Site "masterchessopen.com Padrun (Spain)"]
[Date "2008.07.27"]
[Round "1"]
[White "Sanz Rodero Mikel (ESP)"]
[Black "Pons Abenza Alejandro (ESP)"]
[Result "1-0"]
[WhiteElo "1974"]
[BlackElo "1806"]

1.e4 c5 2.Nc3 Nc6 3.g3 g6 4.Bg2 Bg7 5.d3 d6 6.Be3 Nf6 7.h3 Bd7 8.f4 O-O 9.Nf3
Qc7 10.g4 a6 11.O-O e6 12.Qd2 Rfe8 13.Rf2 Ne7 14.Raf1 b5 15.Nh4 Rab8 16.f5
exf5 17.gxf5 gxf5 18.Bh6 Ng6 19.Bxg7 Kxg7 20.Nxf5+ Kh8 21.Nh6 {#r} 1-0

[Event "Ch Italy (qual)"]
[Site "masterchessopen.com Saint Vincent (Italy)"]
[Date "2008.07.27"]
[Round "9"]
[White "Albanesi Roberto (ITA)"]
[Black "Simeoni Matteo (ITA)"]
[Result "1-0"]
[WhiteElo "1976"]
[BlackElo "1967"]

1.e4 c5 2.Nc3 Nc6 3.g3 g6 4.Bg2 Bg7 5.d3 d6 6.Be3 Nf6 7.h3 e5 8.Nge2 Nd4 9.Qd2
a6 10.Nd1 Bd7 11.c3 Nxe2 12.Qxe2 Bc6 13.O-O O-O 14.f4 Nh5 15.Kh2 f5 16.exf5
exf4 17.Bxf4 Nxf4 18.Rxf4 Be5 19.Rf1 Qg5 20.Qg4 Qd2 21.Rf2 Qxd3 22.Bf1 Qd5
23.Bc4 {#r} 1-0

[Event "It (open)"]
[Site "masterchessopen.com Tabor (Czech Republic)"]
[Date "2008.07.28"]
[Round "2"]
[White "Koubek Vaclav (CZE)"]
[Black "Vesselovsky Serguei (CZE)"]
[Result "0-1"]
[WhiteElo "2071"]
[BlackElo "2401"]

1.e4 c5 2.Nc3 Nc6 3.g3 g6 4.Bg2 Bg7 5.d3 d6 6.Be3 Nf6 7.h3 O-O 8.Qd2 Nd4
9.Nce2 e5 10.c3 Nc6 11.Nf3 c4 12.O-O cxd3 13.Qxd3 d5 14.Nd2 dxe4 15.Qc2 Qd3
16.Qd1 Rd8 17.Nc1 Qa6 18.Qc2 Nd5 19.Qxe4 Bf5 20.Qf3 e4 21.Qe2 Qxe2 22.Nxe2
Nxe3 {#R} 0-1

[Event "It (open) (a)"]
[Site "masterchessopen.com Sukhumi (Georgia)"]
[Date "2008.08.07"]
[Round "5"]
[White "Svinarenko Pavel (RUS)"]
[Black "Demianjuk Alexander (RUS)"]
[Result "0-1"]
[WhiteElo "2153"]
[BlackElo "2323"]

1.e4 c5 2.Nc3 Nc6 3.g3 g6 4.Bg2 Bg7 5.d3 d6 6.Be3 e6 7.Qd2 Nge7 8.Bh6 Bxh6
9.Qxh6 Nd4 10.Qd2 e5 11.Nce2 Be6 12.c3 Nxe2 13.Nxe2 d5 14.d4 cxd4 15.cxd4 dxe4
16.Bxe4 Bd5 17.Qe3 f5 18.Bxd5 Nxd5 19.Qxe5+ Kf7 20.g4 Re8 21.Qg3 Qe7 22.O-O-O
Qxe2 23.Qb3 Qe4 {#R} 0-1

[Event "It (open)"]
[Site "masterchessopen.com Stare Mesto (Czech Republic)"]
[Date "2008.08.15"]
[Round "9"]
[White "Uricar Jakub (CZE)"]
[Black "Langnerova Karolina (CZE)"]
[Result "1-0"]
[WhiteElo "2141"]
[BlackElo "1831"]

1.e4 c5 2.Nc3 Nc6 3.g3 g6 4.Bg2 Bg7 5.d3 d6 6.Be3 Nf6 7.Nh3 O-O 8.O-O Bg4
9.Qd2 Ne8 10.f4 Bxh3 11.Bxh3 Nc7 12.f5 b6 13.Bh6 Bd4+ 14.Kh1 Re8 15.Rf4 d5
16.Raf1 f6 17.fxg6 hxg6 18.Nxd5 Ne5 19.Nxc7 Qxc7 20.Be6+ Nf7 21.Rg4 {#r} 1-0

[Event "It (open) \"]
[Site "masterchessopen.com Tatranske Zruby (Slovakia)"]
[Date "2008.10.02"]
[Round "7"]
[White "Ramik Zdenek (CZE)"]
[Black "Stradej Vlastimil (CZE)"]
[Result "1-0"]
[WhiteElo "2306"]
[BlackElo "2117"]

1.e4 c5 2.Nc3 Nc6 3.g3 g6 4.Bg2 Bg7 5.d3 d6 6.Be3 e5 7.Qd2 Nge7 8.Nf3 Nd4
9.O-O Nxf3+ 10.Bxf3 O-O 11.Bh6 Rb8 12.Bxg7 Kxg7 13.Bg2 b5 14.f4 b4 15.Nd1 h6
16.Ne3 f5 17.exf5 exf4 18.Rxf4 Bxf5 19.Raf1 Qc7 20.Qf2 Qd8 21.g4 Be6 22.Rxf8
Qxf8 23.Qh4 {#r} 1-0

[Event "Ch World (juniors) (under 12)"]
[Site "masterchessopen.com Vung Tau (Vietnam)"]
[Date "2008.10.23"]
[Round "5"]
[White "Mikes Jan (CZE)"]
[Black "Ynojosa Aponte Felix J (ENG)"]
[Result "0-1"]
[WhiteElo "1815"]
[BlackElo "2145"]

1.e4 c5 2.Nc3 Nc6 3.g3 g6 4.Bg2 Bg7 5.d3 d6 6.Be3 Nd4 7.Qd2 Rb8 8.Nd1 e5 9.c3
Nc6 10.Ne2 f5 11.f4 Nf6 12.Nf2 O-O 13.O-O Qe7 14.Rad1 Be6 15.fxe5 Nxe5 16.exf5
Bxf5 17.Ne4 Bxe4 18.Bxe4 Nxe4 19.dxe4 Nf3+ 20.Rxf3 Rxf3 21.Qd5+ Rf7 22.Qxd6
Qxe4 23.Bxc5 Rc8 {#R} 0-1

[Event "Czech League 2008/09 (krajsky prebor)"]
[Site "masterchessopen.com Czech Republic"]
[Date "2008.11.30"]
[Round "4"]
[White "Malyrz Ladislav"]
[Black "Vrba Svatopluk"]
[Result "0-1"]
[WhiteElo "2081"]
[BlackElo "1882"]

1.e4 c5 2.Nc3 Nc6 3.g3 g6 4.Bg2 Bg7 5.d3 d6 6.Be3 e6 7.Qd2 Nge7 8.Bh6 O-O 9.h4
Re8 10.Bxg7 Kxg7 11.h5 Rh8 12.h6+ Kf8 13.f4 Nd4 14.Nf3 Nxf3+ 15.Bxf3 Nc6
16.O-O-O Nd4 17.Bg2 Rb8 18.Ne2 Nxe2+ 19.Qxe2 b5 {#R} 0-1

[Event "Czech League 2008/09 (2nd) (e)"]
[Site "masterchessopen.com Czech Republic"]
[Date "2008.12.07"]
[Round "4"]
[White "Zatloukal Petr (CZE)"]
[Black "Karpilovsky Oleg (RUS)"]
[Result "0-1"]
[WhiteElo "2096"]
[BlackElo "2266"]

1.e4 c5 2.Nc3 Nc6 3.g3 g6 4.Bg2 Bg7 5.d3 d6 6.Be3 Nf6 7.h3 O-O 8.Qd2 Nd4 9.Nd1
e5 10.c3 Ne6 11.f4 exf4 12.gxf4 Nh5 13.Ne2 f5 14.Bf3 fxe4 15.Bxh5 Qh4+ 16.Bf2
Qxh5 17.dxe4 Qf3 18.Rg1 Nxf4 19.Nxf4 Rxf4 20.Qd5+ Kh8 21.Rg3 Rxe4+ {#R} 0-1

[Event "Ch Germany (juniors) (club) (under 16)"]
[Site "masterchessopen.com Bingen (Germany)"]
[Date "2008.12.29"]
[Round "5"]
[White "Neukoetter Moritz (GER)"]
[Black "Bollmann Laslo"]
[Result "1-0"]
[WhiteElo "1784"]
[BlackElo "1626"]

1.e4 c5 2.Nc3 Nc6 3.g3 g6 4.Bg2 Bg7 5.d3 d6 6.Be3 e6 7.Qd2 Nd4 8.Nd1 Ne7 9.c3
Ndc6 10.Bh6 O-O 11.h4 f5 12.Bxg7 Kxg7 13.h5 Rh8 14.f3 b6 15.Nf2 Ba6 16.g4 d5
17.Ne2 dxe4 18.fxe4 Ne5 19.exf5 Rc8 20.f6+ Kxf6 21.Qf4+ Nf5 22.gxf5 Bxd3
23.fxg6+ Bf5 24.Ne4+ {#r} 1-0

[Event "It (open)"]
[Site "masterchessopen.com Basel (Switzerland)"]
[Date "2009.01.02"]
[Round "3"]
[White "Paul Mathias (GER)"]
[Black "Hera Imre Jr (HUN)"]
[Result "0-1"]
[WhiteElo "1972"]
[BlackElo "2557"]

1.e4 c5 2.Nc3 Nc6 3.g3 g6 4.Bg2 Bg7 5.d3 d6 6.Be3 Nd4 7.Qd2 Rb8 8.Nd1 f5 9.c3
Nc6 10.Ne2 fxe4 11.dxe4 Ne5 12.Nf4 Nf6 13.Nd5 Bg4 14.Bh6 O-O 15.Nxf6+ Rxf6
16.Bg5 Rf7 17.Qd5 Nf3+ 18.Kf1 Qd7 19.Bf4 g5 20.Qd3 c4 {#R} 0-1

[Event "Ch City (w)"]
[Site "masterchessopen.com Belgrade (Serbia)"]
[Date "2009.01.25"]
[Round "2"]
[White "Milanovic Maja (SRB)"]
[Black "Miladinovic Lena (SRB)"]
[Result "0-1"]
[WhiteElo "1739"]
[BlackElo "2026"]

1.e4 c5 2.Nc3 Nc6 3.g3 g6 4.Bg2 Bg7 5.d3 d6 6.Be3 Nd4 7.Qd2 Qa5 8.Nge2 Nxe2
9.Kxe2 Nf6 10.Bh6 O-O 11.h4 c4 12.Bxg7 cxd3+ 13.cxd3 Kxg7 14.Rhd1 Be6 15.Kf1
Rac8 16.Kg1 Rc7 17.Bf3 Rfc8 18.h5 Nxh5 19.Bxh5 Qxh5 20.f4 Qf3 21.Kh2 Qh5+
22.Kg1 Qf3 23.Kh2 Rc5 24.Rf1 Rh5+ {#R} 0-1

[Event "Oberliga East B 2008/09"]
[Site "masterchessopen.com Germany"]
[Date "2009.03.28"]
[Round "10"]
[White "Wehner Jannis (GER)"]
[Black "Kayser Felix (GER)"]
[Result "1-0"]
[WhiteElo "2184"]
[BlackElo "2164"]

1.e4 c5 2.Nc3 g6 3.d3 Nc6 4.Be3 d6 5.g3 Bg7 6.Bg2 e5 7.Nge2 Nge7 8.O-O O-O
9.f4 f5 10.Kh1 Rb8 11.Rb1 a5 12.fxe5 Nxe5 13.d4 Ng4 14.Bg1 b6 15.Nf4 Qe8
16.Re1 fxe4 17.Nxe4 Qd7 18.Ng5 Re8 19.dxc5 bxc5 20.Bd5+ Kf8 21.Nxh7# 1-0

[Event "Ch Moscow (1/2 final)"]
[Site "masterchessopen.com Moscow (Russia)"]
[Date "2009.03.28"]
[Round "8"]
[White "Krapivin Alexander (RUS)"]
[Black "Varnavski Sergei (BLR)"]
[Result "1-0"]
[WhiteElo "2502"]
[BlackElo "2321"]

1.e4 c5 2.Nc3 Nc6 3.g3 g6 4.Bg2 Bg7 5.d3 d6 6.Be3 Rb8 7.Qd2 b5 8.Nf3 b4 9.Nd1
Nd4 10.O-O Nxf3+ 11.Bxf3 h5 12.d4 c4 13.c3 Qa5 14.e5 dxe5 15.dxe5 Bxe5 16.cxb4
Qxb4 17.Qxb4 Rxb4 18.Bc5 Rxb2 19.Nxb2 Bxb2 20.Rab1 c3 21.Bd4 Nf6 22.Bxc3 Bxc3
23.Rfc1 Bf5 24.Rb8+ {#r} 1-0

[Event "It (b)"]
[Site "masterchessopen.com Coulsdon (England)"]
[Date "2009.04.14"]
[Round "3"]
[White "Warner Dominic (ENG)"]
[Black "Coates David H (ENG)"]
[Result "0-1"]
[WhiteElo "1581"]
[BlackElo "2047"]

1.e4 c5 2.Nc3 Nc6 3.g3 g6 4.Bg2 Bg7 5.d3 d6 6.Be3 Rb8 7.f4 b5 8.Qf3 Nd4 9.Bxd4
cxd4 10.Nd1 Qa5+ 11.Kf2 Nf6 12.f5 O-O 13.Ne2 Bb7 14.c3 dxc3 15.Nexc3 b4 16.Ne2
Qb6+ 17.Ne3 Bh6 18.Nf4 e5 19.Nd5 Bxd5 20.exd5 Bxe3+ {#R} 0-1

[Event "Ch Croatia (team) (2nd league)"]
[Site "masterchessopen.com Osijek (Croatia)"]
[Date "2009.05.02"]
[Round "5"]
[White "Lazic Miroljub (SRB)"]
[Black "Masirevic Milenko (CRO)"]
[Result "1-0"]
[WhiteElo "2454"]
[BlackElo "1860"]

1.e4 c5 2.Nc3 Nc6 3.g3 d6 4.Bg2 g6 5.d3 Bg7 6.Be3 Bd4 7.Qd2 Nf6 8.h3 O-O 9.Bh6
Re8 10.Nge2 Rb8 11.O-O b5 12.Nxd4 Nxd4 13.f4 b4 14.Nd1 a5 15.Ne3 e6 16.c3 Nb5
17.Bg5 Kg7 18.e5 {#r} 1-0

[Event "It \"]
[Site "masterchessopen.com Bad Homburg (Germany)"]
[Date "2009.06.11"]
[Round "2"]
[White "Schmidt Ralf (GER)"]
[Black "Mallmann Bernd (GER)"]
[Result "1-0"]
[WhiteElo "2171"]
[BlackElo "1961"]

1.e4 c5 2.Nc3 Nc6 3.d3 d6 4.g3 g6 5.Bg2 Bg7 6.Be3 Nf6 7.h3 e5 8.Qd2 Be6 9.Nf3
Qa5 10.O-O O-O 11.a3 a6 12.Nh4 Qc7 13.f4 exf4 14.gxf4 Qe7 15.f5 Nxe4 16.dxe4
Bc4 17.Rf4 g5 18.Rg4 f6 19.Nf3 h5 20.Rg3 h4 21.Rg4 Bf7 22.Nd5 Qd8 23.Nxg5 Ne5
24.Nxf7 {#r} 1-0

[Event "It (open)"]
[Site "masterchessopen.com Ourense (Spain)"]
[Date "2009.07.09"]
[Round "3"]
[White "Gomez Dominguez Xavier (ESP)"]
[Black "Prol Lusquinos Jose Manuel (ESP)"]
[Result "1-0"]
[WhiteElo "2031"]
[BlackElo "1781"]

1.e4 c5 2.Nc3 d6 3.g3 Nc6 4.Bg2 g6 5.d3 Bg7 6.Be3 Nf6 7.h3 Rb8 8.f4 b5 9.e5 d5
10.exf6 Bxf6 11.Bxc5 O-O 12.d4 e6 {#r} 1-0

[Event "It (open)"]
[Site "masterchessopen.com Oberwart (Austria)"]
[Date "2009.07.13"]
[Round "3"]
[White "Posch Werner (AUT)"]
[Black "Sergeev Vladimir (UKR)"]
[Result "0-1"]
[WhiteElo "2203"]
[BlackElo "2447"]

1.e4 c5 2.Nc3 Nc6 3.g3 g6 4.Bg2 Bg7 5.d3 d6 6.Be3 Nf6 7.h3 O-O 8.Qd2 Rb8 9.Bh6
Nd4 10.Bxg7 Kxg7 11.Nd1 e5 12.Ne3 Be6 13.c3 Nc6 14.Ne2 d5 15.exd5 Nxd5 16.Ng4
f5 17.Qh6+ Kh8 18.Ne3 f4 19.gxf4 Nxf4 20.Nxf4 exf4 21.Ng4 Qxd3 22.Rd1 Qc4
23.Bf3 Rbe8 {#R} 0-1

[Event "It (open)"]
[Site "masterchessopen.com Stara Pazova (Serbia)"]
[Date "2009.07.25"]
[Round "1"]
[White "Kosanovic Goran A (SRB)"]
[Black "Zobenica Ivan (SRB)"]
[Result "1-0"]
[WhiteElo "2351"]
[BlackElo "2066"]

1.e4 c5 2.Nc3 d6 3.g3 Nc6 4.Bg2 g6 5.d3 Bg7 6.Be3 Bd7 7.Qd2 b5 8.Nge2 Rb8
9.O-O Nd4 10.Nd1 Nxe2+ 11.Qxe2 Nf6 12.h3 h5 13.f4 Qc8 14.Nf2 O-O 15.Kh2 Ne8
16.c3 b4 17.c4 Nc7 18.f5 gxf5 19.Qxh5 fxe4 20.Bh6 f5 21.Bxg7 Kxg7 22.Qg5+ Kf7
23.Nxe4 Ke8 24.Rae1 {#r} 1-0

[Event "It (open)"]
[Site "masterchessopen.com Vienna (Austria)"]
[Date "2009.08.18"]
[Round "4"]
[White "Mack Wolfgang (GER)"]
[Black "Jacobsen Henrik (GER)"]
[Result "1-0"]
[WhiteElo "2223"]
[BlackElo "1968"]

1.g3 g6 2.Bg2 Bg7 3.e4 c5 4.Nc3 Nc6 5.d3 d6 6.Be3 Rb8 7.Qd2 Nd4 8.Nd1 b6 9.c3
Nc6 10.f4 e6 11.Nf3 Nge7 12.O-O O-O 13.d4 f5 14.exf5 gxf5 15.Bf2 Qd7 16.Re1
Nd5 17.Ng5 Nc7 18.Nxe6 Nxe6 19.d5 Ned4 20.dxc6 {#r} 1-0

[Event "Ch Croatia (team) (2nd league)"]
[Site "masterchessopen.com Osijek (Croatia)"]
[Date "2009.10.18"]
[Round "9"]
[White "Lazic Miroljub (SRB)"]
[Black "Frank Vladimir (CRO)"]
[Result "1-0"]
[WhiteElo "2454"]
[BlackElo "2197"]

1.e4 c5 2.Nc3 Nc6 3.g3 g6 4.Bg2 Bg7 5.d3 d6 6.Be3 Nf6 7.h3 O-O 8.f4 Ne8 9.Nf3
Bd7 10.O-O Nc7 11.Qd2 Ne6 12.f5 Ned4 13.Nh4 Bf6 14.Nd5 Bxh4 15.gxh4 gxf5
16.Bh6 Kh8 17.Bxf8 Qxf8 18.c3 Ne6 19.exf5 Ned8 20.f6 e6 21.Nf4 Qh6 22.h5 Kg8
23.Rf3 {#r} 1-0

[Event "Czech League 2009/10 (2nd) (a)"]
[Site "masterchessopen.com Czech Republic"]
[Date "2009.11.08"]
[Round "2"]
[White "Koubek Vaclav Sr (CZE)"]
[Black "Ruzicka Ales (CZE)"]
[Result "1-0"]
[WhiteElo "2080"]
[BlackElo "2057"]

1.e4 c5 2.Nc3 Nc6 3.g3 g6 4.Bg2 Bg7 5.d3 d6 6.Be3 e6 7.Qd2 a6 8.Nf3 Rb8 9.d4
b6 10.O-O Nge7 11.Rfd1 e5 12.dxe5 dxe5 13.Nd5 O-O 14.Bh6 Nxd5 15.Bxg7 Kxg7
16.exd5 Nd4 17.Nxe5 Bb7 18.Ng4 h5 19.c3 Bxd5 20.Qh6+ Kg8 21.Bxd5 hxg4 22.Qxg6+
Kh8 23.Qh5+ {#r} 1-0

[Event "Liga Mazowiecka 2009/10"]
[Site "masterchessopen.com Poland"]
[Date "2009.11.29"]
[Round "1"]
[White "Kazmierczak Ewa (POL)"]
[Black "Pazderska Magdalena (POL)"]
[Result "0-1"]
[WhiteElo "1477"]
[BlackElo "1652"]

1.e4 c5 2.Nc3 Nc6 3.g3 g6 4.Bg2 Bg7 5.d3 d6 6.Be3 Nf6 7.h3 O-O 8.Nge2 Be6
9.Nf4 Nd4 10.O-O Rc8 11.Nfd5 Nxd5 12.Nxd5 Qd7 13.Kh2 f5 14.Bg5 Rf7 15.c3 Nc6
16.Nf4 fxe4 17.Nxe6 Qxe6 18.Bxe4 Rcf8 19.Qd2 Ne5 20.Qe2 d5 21.Bf4 dxe4 22.Qxe4
Qf5 23.Qxf5 Rxf5 24.f3 Nxd3 {#R} 0-1